000 01384nam0a22003611 4500
001 rc\3285760
005 20130115145032.9
021 _aRU
_b[73-3809]
035 _a(NLR Aleph) 007494163
090 _a7641326
_c7641326
100 _a20130115d1973 |||y0rusy50 ca
101 1 _arus
_cfre
102 _aRU
105 _aa z |||||
200 1 _aФизиология труда (эргономия)
_fЖ. Шеррер
_gПер. с фр. канд. мед. наук Е.Н. Городецкой
_gПод ред. проф. З.М. Золиной
210 _aМосква
_cМедицина
_d1973
215 _a496 с.
_cил.
_d26
300 _aНа обороте тит. л.: Physiologie du travail (ergonomie)
300 _aВ содерж. авт.: Ж. Шеррер, С. Бюиссе, Г. Моно и др.
320 _aСписки лит. в конце разделов
517 0 _aPhysiologie du travail (ergonomie)
532 1 3 _aФизиология труда эргономия
606 _aТруд
_xФизиология
_2psbo
701 1 _aБюиссе
_bС.
701 1 _aШеррер
_bЖ.
701 1 _aМоно
_bГ.
702 1 _aЗолина
_bЗ. М.
_gЗоя Михайловна
_4340
702 1 _aГородецкая
_bЕ. Н.
_4730
801 0 _aRU
_bNLR
_gpsbo
801 1 _aRU
_bELAR
_2rusmarc
852 _aNLR
_j72-7/2464
942 _cBOOK
980 _aNB